000 00605nam a2200217Ia 4500
005 20241129110940.0
008 241129s9999||||xx |||||||||||||| ||und||
020 _a978-1-5264-6938-0
037 _aTB
040 _aCRL
_beng
_cCRL
041 _aeng
_2eng
084 _aX:77.6 R2
_qCRL
100 _aAnosike Paschal Au.
_9722914
245 0 _aEntrepreneurship and sustainable development in Africa
_cAnosike Paschal Au.
260 _aLondon, UK
_bSage
_c2022
300 _axxi,199p.
365 _aUKP
_b29.99
650 _aEconomics
942 _cTB
_hX:77.6 R2
999 _c1228239
_d1228239